[Event "27th Open"]
[Site "Bratto ITA"]
[Date "2007.08.29"]
[Round "7"]
[White "Zimina,O"]
[Black "Cebalo,M"]
[Result "0-1"]
[WhiteElo "2377"]
[BlackElo "2533"]

1.e4 c5 2.Nf3 d6 3.Bb5+ Nc6 4.O-O Bd7 5.Re1 Nf6 6.c3 a6 7.Bf1 Bg4 8.h3 Bh5
9.d4 Bxf3 10.gxf3 cxd4 11.cxd4 e5 12.d5 Nb8 13.f4 Nbd7 14.Nc3 g6 15.fxe5 dxe5
16.Be3 Bc5 17.Rc1 O-O 18.Bxc5 Nxc5 19.b4 Ncd7 20.Na4 Ne8 21.Nc5 Nd6 22.Re3 Nf6
23.Bg2 Qe7 24.a4 Nh5 25.Qg4 Rad8 26.Rec3 Nf4 27.Nd3 h5 28.Qf3 Qf6 29.Rc7 Rfe8
30.Nc5 Re7 31.Nd3 Rde8 32.Nxf4 exf4 33.Rxe7 Rxe7 34.Qc3 Kg7 35.f3 g5 36.Qxf6+ Kxf6
37.Kf2 Ke5 38.Ke2 f5 39.exf5 Nxf5 40.Bf1 Kd6+ 41.Kd2 Re3 42.Rc3 Rxc3 43.Kxc3 Kxd5
44.Bc4+ Ke5 45.Bf7 h4 46.Kd3 Nd6 47.Bh5 b6 48.Bg4 Kd5 49.Bh5 a5 50.bxa5 bxa5
51.Bg6 Kc5 52.Kc3 Nc4 53.Bd3 Nb6 54.Bb5 Nd5+ 55.Kd3 Kb4 56.Kd4 Nc3 57.Bd3 Nxa4
58.Ke5 Nc5 59.Bb1 g4  0-1

[Event "13th Open"]
[Site "Chambery FRA"]
[Date "2007.08.30"]
[Round "3"]
[White "Bojkov,D"]
[Black "Stets,D"]
[Result "1/2-1/2"]
[WhiteElo "2520"]
[BlackElo "2390"]

1.e4 c5 2.Nf3 d6 3.Bb5+ Nd7 4.d4 Nf6 5.Nc3 a6 6.Bxd7+ Nxd7 7.O-O e6 8.Bg5 Qc7
9.d5 e5 10.a4 g6 11.Nd2 Bg7 12.Nc4 Nb6 13.Na3 Bd7 14.a5 Nc8 15.Nc4 O-O 16.Na4 Bb5
17.Nab6 Nxb6 18.Nxb6 Bxf1 19.Nxa8 Rxa8 20.Qxf1 f5 21.f3 Rf8 22.Qe1 Qd7 23.c4 Rf7
24.h3 Bf8 25.b4 cxb4 26.Qxb4 f4 27.Bh4 g5 28.Bxg5 Rg7 29.Bh6 Rg6 30.Bxf8 Qxh3
31.Qd2 Kxf8 32.Qf2 Qc8 33.Rc1 Qc7 34.c5 Qxa5 35.Qb2 dxc5 36.Qxe5 Qd2 37.Qh8+ Kf7
38.Qxh7+ Kf6 39.Qh8+ Kf7 40.Qh7+ Kf6 41.Qh8+  1/2-1/2

[Event "Kalamaria Open"]
[Site "Thessaloniki GRE"]
[Date "2007.08.30"]
[Round "7"]
[White "Svetushkin,D"]
[Black "Jakubiec,A"]
[Result "1/2-1/2"]
[WhiteElo "2618"]
[BlackElo "2541"]

1.e4 c5 2.Nf3 d6 3.Bb5+ Bd7 4.Bxd7+ Qxd7 5.c4 Nc6 6.O-O Nf6 7.Nc3 e6 8.Ng5 h6
9.Nh3 g6 10.f4 Bg7 11.d3 O-O 12.Be3 a6 13.Rc1 b5 14.g4 Rab8 15.Rc2 bxc4 16.dxc4 Nd4
17.Rg2 Qb7 18.Qd3 Nd7 19.b3 Rfe8 20.Kh1 Rbd8 21.Bd2 d5 22.exd5 exd5 23.Nxd5 Nf6
24.Nxf6+ Bxf6 25.Ng1 Re4 26.Qh3 Ne2 27.Qf3 Nd4 28.Qf2 Rde8 29.Bc3 Re3 30.Ba1 a5
31.Qd2 Bg7 32.Bxd4 Bxd4 33.Qxa5 Rc3 34.Qb5 Qa8 35.Qd7 Rd8 36.Qe7 Re8 37.Qd7 Rd8
38.Qe7 Re8 39.Qd6 Rd8 40.Qe7  1/2-1/2

[Event "FSIM September"]
[Site "Budapest HUN"]
[Date "2007.09.01"]
[Round "1"]
[White "Brustkern,J"]
[Black "Paschall,W"]
[Result "1/2-1/2"]
[WhiteElo "2296"]
[BlackElo "2353"]

1.e4 c5 2.Nf3 d6 3.Bb5+ Nc6 4.O-O Bd7 5.Re1 Nf6 6.c3 a6 7.Bf1 Bg4 8.h3 Bh5
9.d3 e6 10.g4 Bg6 11.Nh4 Be7 12.f4 Nd7 13.Ng2 f5 14.exf5 exf5 15.Nh4 fxg4
16.Nxg6 hxg6 17.Qxg4 Rh6 18.Bg2 Kf8 19.Nd2 Nf6 20.Qe6 Qc8 21.Qxc8+  1/2-1/2

[Event "1st Serbian League Men"]
[Site "Zlatibor SRB"]
[Date "2007.09.01"]
[Round "11"]
[White "Nadj Hedjesi,B"]
[Black "Stupavski,Z"]
[Result "0-1"]
[WhiteElo "2371"]
[BlackElo "2378"]

1.e4 c5 2.Nf3 d6 3.Bb5+ Nd7 4.d4 Nf6 5.Nc3 a6 6.Bxd7+ Nxd7 7.O-O cxd4 8.Qxd4 e6
9.Bg5 Qc7 10.Rad1 f6 11.Bc1 Ne5 12.Nh4 g5 13.f4 gxf4 14.Bxf4 Bd7 15.Na4 Bc6
16.Nb6 Rd8 17.Kh1 Rg8 18.Bxe5 dxe5 19.Qc4 Kf7 20.Nd5 exd5 21.exd5 b5 22.Qb3 Bd7
23.Qf3 Qd6 24.Qh5+ Kg7 25.Rd3 Kh8 26.Rg3 Rxg3 27.hxg3 Kg8 28.g4 Bg7 29.g5 fxg5
30.Qf7+ Kh8 31.Nf3 Rf8 32.Nxg5 Qh6+ 33.Kg1 Qxg5 34.Qxd7 Qe3+  0-1

[Event "1st Serbian League Men"]
[Site "Zlatibor SRB"]
[Date "2007.09.01"]
[Round "11"]
[White "Nevednichy,V"]
[Black "Leskur,D"]
[Result "1-0"]
[WhiteElo "2523"]
[BlackElo "2482"]

1.e4 c5 2.Nf3 d6 3.Bb5+ Nd7 4.d4 cxd4 5.Qxd4 Nf6 6.Nc3 e5 7.Qd3 h6 8.Be3 Be7
9.Bc4 O-O 10.O-O Nb6 11.Bb3 Be6 12.Rad1 a6 13.Nh4 Kh7 14.Nf5 Bxf5 15.exf5 Kh8
16.Ne4 Nxe4 17.Qxe4 Qc7 18.Rd3 Nd7 19.Rc3 Qb8 20.g4 Nc5 21.Qg2 Qd8 22.Bxc5 dxc5
23.Qxb7 Rb8 24.Qxa6 Qd4 25.Qc4 Qd2 26.Qd3 Qg5 27.Qg3 Rbd8 28.Rd3 e4 29.Rd5 Bf6
30.Rxc5 Rd2 31.h4 Qxh4 32.Qxh4 Bxh4 33.Re5 Bf6 34.Rxe4 Bxb2 35.Rfe1 g6 36.Re8 Kg7
37.Rxf8 Kxf8 38.fxg6 fxg6 39.Re3 Bd4 40.Rf3+ Ke7 41.a4 Be5 42.a5 Rd1+ 43.Kg2 Ra1
44.Rf7+ Kd6 45.Rh7 Bf4 46.Rf7 Be5 47.Ra7 Kc5 48.a6 g5 49.Ra8 Kb6 50.Re8  1-0

[Event "XXII Open"]
[Site "Parla ESP"]
[Date "2007.09.02"]
[Round "2"]
[White "Gallardo Garcia,A"]
[Black "Pau Plana,A"]
[Result "0-1"]
[WhiteElo "2352"]
[BlackElo "2095"]

1.e4 c5 2.Nf3 d6 3.Bb5+ Bd7 4.Bxd7+ Nxd7 5.O-O Ngf6 6.Qe2 g6 7.c3 Rc8 8.d4 cxd4
9.cxd4 e6 10.Nc3 Be7 11.e5 dxe5 12.dxe5 Nh5 13.Bh6 Bf8 14.Bxf8 Kxf8 15.Rad1 Qe7
16.Qd2 Nb6 17.Qh6+ Kg8 18.g4 Ng7 19.Ne4 Nd5 20.Nfg5 Ne8 21.Rd3 f6 22.exf6 Ndxf6
23.Nxf6+ Nxf6 24.h3 e5 25.Rfd1 e4 26.Rd6 e3 27.Ne6 e2 28.Rd8+ Ne8  0-1

[Event "Masters"]
[Site "Trieste ITA"]
[Date "2007.09.02"]
[Round "3"]
[White "Jeran,B"]
[Black "Efimov,Ig"]
[Result "0-1"]
[WhiteElo "2153"]
[BlackElo "2426"]

1.e4 c5 2.Nf3 d6 3.Bb5+ Nd7 4.O-O a6 5.Bxd7+ Bxd7 6.b3 Bc6 7.Re1 e5 8.d3 g6
9.c3 Bg7 10.Bb2 Nf6 11.Nbd2 O-O 12.d4 Qc7 13.Qc2 Nh5 14.b4 b6 15.bxc5 bxc5
16.dxe5 dxe5 17.Ba3 Rfd8 18.g3 Bd7 19.Nc4 Bb5 20.Ne3 Bd3 21.Qa4 Nf6 22.Nd2 Rd7
23.f3 Bb5 24.Qc2 c4 25.Bc1 a5 26.a4 Ba6 27.Rb1 Qc6 28.Ndf1 Rad8 29.g4 Rd3
30.Ng3 h6 31.h4 Bf8 32.Kg2 Bb7 33.Rb5 Qc7 34.g5 hxg5 35.hxg5 Nh7 36.Ng4 Bg7
37.Be3 Qe7 38.Nf2 Bc6 39.Rxa5 Rxe3 40.Rxe3 Qxg5 41.Re2 Qh4 42.Rd2 Re8 43.Rd6 Bb7
44.Qd1 Bf8 45.Rb6 Bc8 46.Rab5 Ng5 47.Qh1 Qf4 48.Qd1 Qe3 49.Nf1 Qxc3 50.a5 Qa3
51.Nh2 Ne6 52.Nhg4 Rd8 53.Nf6+ Kg7 54.Nd5 Nd4 55.Rb1 Qxa5 56.Qc1 Rxd5 57.exd5 Qxd5
58.Qe3 Bc5 59.Rb8 Bf5 60.Ne4 Nxf3 61.Qxc5 Bxe4 62.Qf8+ Kf6 63.R1b6+ Kf5 64.Kg3 Ng5
65.Rd6 Qa5 66.Qc8+ Ne6 67.Kf2 Qa2+ 68.Ke3 Qa3+  0-1

[Event "Open"]
[Site "Liverpool ENG"]
[Date "2007.09.03"]
[Round "1"]
[White "Greet,A"]
[Black "Mikkelsen,N"]
[Result "1-0"]
[WhiteElo "2441"]
[BlackElo "2317"]

1.e4 c5 2.Nf3 d6 3.Bb5+ Bd7 4.Bxd7+ Qxd7 5.O-O Nc6 6.c3 Nf6 7.Qe2 e6 8.d4 cxd4
9.cxd4 d5 10.e5 Ne4 11.Be3 Be7 12.Ne1 f6 13.f3 Ng5 14.Nd3 b6 15.Nd2 O-O 16.a3 a5
17.exf6 Bxf6 18.Ne5 Nxe5 19.dxe5 Bd8 20.f4 Nf7 21.Nf3 Nh6 22.Rfc1 Be7 23.g3 Rab8
24.a4 Nf5 25.Bf2 Bc5 26.Bxc5 bxc5 27.Rxc5 Qa7 28.Rc1 Rb4 29.Ng5 Nd4 30.Qg4 Rxb2
31.Kh1 Rb1 32.Nxe6 Rxc1+ 33.Rxc1 Nxe6 34.Qxe6+ Qf7 35.Qxf7+ Kxf7 36.Kg2 Rb8
37.Rc5 Rb2+ 38.Kf3 Ke6 39.Rxa5 Rb3+ 40.Kg4 d4 41.f5+ Ke7 42.Rd5 d3 43.a5 Ra3
44.Kg5 Ra4 45.Rxd3 Rxa5 46.e6 h6+ 47.Kg6 Ra4 48.Rd7+ Ke8 49.Kxg7  1-0

[Event "60th ch-RUS Higher League"]
[Site "Krasnoyarsk RUS"]
[Date "2007.09.04"]
[Round "2"]
[White "Novikov,St"]
[Black "Korotylev,A"]
[Result "1-0"]
[WhiteElo "2562"]
[BlackElo "2616"]

1.e4 c5 2.Nf3 d6 3.Bb5+ Nc6 4.O-O Bd7 5.c3 Nf6 6.d4 cxd4 7.cxd4 a6 8.Ba4 b5
9.Bc2 Bg4 10.Be3 e6 11.h3 Bh5 12.Nc3 Be7 13.d5 exd5 14.Nxd5 O-O 15.Nf4 Bxf3
16.Qxf3 Re8 17.Bb3 Rc8 18.Rad1 Ne5 19.Qe2 Ned7 20.f3 Qc7 21.Qf2 Qb8 22.Rd2 Nc5
23.Bd5 Bf8 24.Bd4 Nxd5 25.Nxd5 Nd7 26.Qg3 Rc6 27.Ne3 Qd8 28.Rfd1 Re6 29.Kh1 h6
30.Nd5 Re8 31.a3 Rc8 32.Bc3 Qg5 33.Qf2 Nc5 34.h4 Qg6 35.Nf4 Qh7 36.Qg3 Nd7
37.h5 Ne5 38.Rd5 Nc4 39.R1d3 Rc6 40.Rf5 Ne5 41.Nd5 Kh8 42.Rd1 f6 43.Nb4 Rb6
44.Bd4 Rb7 45.Nxa6 Qg8 46.Nb4 Qb3 47.Rc1 Rbb8 48.Qe1 Rbc8 49.Qd1 Rxc1 50.Qxc1 Qe6
51.Nd5 Rc8 52.Bc3 Rc5 53.Qd1 Qc8 54.Nf4 Kh7 55.Qb3 Nc4 56.Rd5 Qe8 57.Rxc5 dxc5
58.Qc2 Kg8 59.Qd3 Bd6 60.Qd5+ Qf7 61.Qa8+ Qf8 62.Qd5+ Qf7 63.Ne6 Be7 64.g4 Ne3
65.Qd7 Kh7 66.Kh2 Kg8 67.Kh3 b4 68.axb4 cxb4 69.Bd4 Nc2 70.Bf2 b3 71.Qc8+ Kh7
72.Qc4 Kg8 73.Qxb3 Nb4 74.Qc4 Bd6 75.Bg3 Be7 76.b3 Kh8 77.Qc8+ Kh7 78.Qd7 Kg8
79.Bd6 Bxd6 80.Qxd6  1-0

[Event "USCL 2007"]
[Site "ICC INT"]
[Date "2007.09.05"]
[Round "2"]
[White "Boskovic,D"]
[Black "Wolff,Pa"]
[Result "1/2-1/2"]
[WhiteElo "2473"]
[BlackElo "2564"]

1.e4 c5 2.Nf3 d6 3.Bb5+ Bd7 4.Bxd7+ Nxd7 5.O-O Ngf6 6.Qe2 e6 7.c4 Be7 8.Nc3 O-O
9.d4 cxd4 10.Nxd4 Rc8 11.b3 a6 12.Bb2 Qa5 13.Rac1 Bd8 14.Kh1 Bb6 15.Rfd1 Rfd8
16.f4 Ba7 17.f5 Bxd4 18.Rxd4 exf5 19.exf5 Qxf5 20.Nd5 Re8 21.Ne7+ Rxe7 22.Qxe7 Re8
23.Qxd6 Qc2 24.Rf1 Qxb2 25.Rd2 Qc3 26.h3 Nc5 27.Qd4 Qa5 28.Rf5 Nfe4 29.Re5 Rf8
30.Rd1 Qxa2 31.Rxe4 Nxe4 32.Qxe4 Qxb3 33.Rb1 Qc3 34.Rxb7 g6 35.Ra7 Qf6 36.c5 Kg7
37.c6 Rd8 38.Rd7 Rxd7 39.cxd7 Qd6 40.Qe8  1/2-1/2

[Event "60th ch-RUS Higher League"]
[Site "Krasnoyarsk RUS"]
[Date "2007.09.05"]
[Round "3"]
[White "Alavkin,A"]
[Black "Nepomniachtchi,I"]
[Result "0-1"]
[WhiteElo "2500"]
[BlackElo "2613"]

1.e4 c5 2.Nf3 d6 3.Bb5+ Nd7 4.d4 Nf6 5.O-O a6 6.Bxd7+ Nxd7 7.Nc3 e6 8.Bg5 Qc7
9.d5 e5 10.a4 h6 11.Bh4 g6 12.Nd2 Bg7 13.Nc4 Nb6 14.Na3 Bd7 15.a5 Nc8 16.Nc4 O-O
17.Ra3 b5 18.axb6 Nxb6 19.Na5 Na4 20.Nc4 Nxc3 21.Rxc3 Bb5 22.Re1 a5 23.f3 Rfb8
24.Qa1 a4 25.Bf2 Bf8 26.Be3 Qb7 27.Nd2 Bd7 28.Nc4 Qa6 29.Qc1 Rb4 30.Na3 Kh7
31.Qa1 Rab8 32.Bc1 f5 33.Qa2 f4 34.Nc4 h5 35.Bd2 g5 36.b3 Bb5 37.Ra1 g4 38.Nb2 gxf3
39.Rxf3 Rxe4 40.c4 Be8 41.Nxa4 Rd4 42.Bc3 Bg6 43.Bxd4 cxd4 44.Re1 Bh6 45.Qf2 Rf8
46.Rh3 Qa5 47.Kf1 d3 48.Qb6 Qxb6 49.Nxb6 e4 50.c5 e3 51.Ra1 Bg7  0-1

[Event "12th ch-Asia w"]
[Site "Tehran IRI"]
[Date "2007.09.05"]
[Round "3"]
[White "Bayat,S"]
[Black "Tajik,S"]
[Result "1-0"]
[WhiteElo "2066"]
[BlackElo "2000"]

1.e4 c5 2.Nf3 d6 3.Bb5+ Nd7 4.d4 cxd4 5.Qxd4 a6 6.Bxd7+ Qxd7 7.Nc3 e5 8.Qd3 Nf6
9.Bg5 Be7 10.Bxf6 gxf6 11.Nd5 Bd8 12.Ne3 b5 13.Nh4 Ba5+ 14.c3 Qc6 15.O-O Be6
16.Nhf5 Bc7 17.Rfd1 Rg8 18.Nd5 Bxd5 19.Qxd5 Qxd5 20.Rxd5 Rd8 21.Rad1 h5 22.Nxd6+ Bxd6
23.Rxd6 Rxd6 24.Rxd6 Ke7 25.Rxa6 Rd8 26.g3 Rd2 27.b3 Rc2 28.Ra5 Rxc3 29.Rxb5 Rc2
30.a4 Re2 31.Rb4 f5 32.exf5 Kf6  1-0

[Event "60th ch-RUS Higher League"]
[Site "Krasnoyarsk RUS"]
[Date "2007.09.06"]
[Round "4"]
[White "Romanov,E"]
[Black "Vorobiov,E"]
[Result "1/2-1/2"]
[WhiteElo "2521"]
[BlackElo "2572"]

1.e4 c5 2.Nf3 d6 3.Bb5+ Nd7 4.d4 Nf6 5.O-O cxd4 6.Qxd4 a6 7.Bxd7+ Bxd7 8.Bg5 e6
9.Nc3 Be7 10.e5 dxe5 11.Nxe5 Rc8 12.Rad1 Bc6 13.Qh4 Qa5 14.Rfe1 Qb4 15.Nxc6 Qxh4
16.Bxh4  1/2-1/2

[Event "60th ch-RUS Higher League"]
[Site "Krasnoyarsk RUS"]
[Date "2007.09.06"]
[Round "4"]
[White "Kiselev,G"]
[Black "Sakaev,K"]
[Result "1/2-1/2"]
[WhiteElo "2434"]
[BlackElo "2634"]

1.e4 c5 2.Nf3 d6 3.Bb5+ Nc6 4.O-O Bd7 5.c3 Nf6 6.Re1 a6 7.Bxc6 Bxc6 8.e5 dxe5
9.Nxe5 Rc8 10.d4 e6 11.Be3 Nd5 12.Qh5 g6 13.Qf3 f6 14.Nxc6 Rxc6 15.Nd2 Nxe3
16.Qxe3 cxd4 17.cxd4 Be7 18.Rac1 Rxc1 19.Rxc1 Kf7 20.Nf3 Qb6 21.b3 Rd8 22.h3 Qd6
23.Qe4 Rd7 24.Rc4 Bd8 25.Rc8 Kg7 26.Rc4 Qd5 27.Qxd5 Rxd5 28.Kf1 Kf7 29.Ke2 Ke7
30.Rc2 Kd7 31.Rc4 Bc7 32.Rc2 Bb6 33.Rc4 Ba7 34.Ke3 h6 35.Ke4 b5 36.Rc2 f5+
37.Ke3 e5 38.Ke2 Bxd4 39.Nxd4 Rxd4 40.Rc5 Ke6 41.Rc8 Rd6 42.Rh8 h5 43.h4 Kd5
44.Kd3 Kc5+ 45.Kc3 b4+ 46.Kc2 e4 47.Re8 Kd4 48.Rb8 a5 49.Kd2 f4 50.Re8 Rd5
51.g3 Kc5+ 52.Ke2 fxg3 53.fxg3 Kd4 54.Kd2 Rf5 55.Rd8+ Ke5 56.Re8+ Kd5 57.Rd8+ Ke5
58.Re8+ Kd4 59.Rd8+ Kc5 60.Ke3 Rf3+ 61.Kxe4 Rxg3 62.Rd5+ Kb6 63.Rd6+ Kb7
64.Kd4 Kc7 65.Ra6 Rg4+ 66.Kc5 Kd7 67.Kd5 Kc7 68.Kc5 Kb7 69.Rb6+ Kc7 70.Ra6 Rxh4
71.Rxg6 Rg4 72.Rh6 h4 73.Rh7+ Kd8 74.Kb6 Ke8 75.Kxa5 Kf8 76.Ka4 Kg8 77.Rh5 Kg7
78.a3 Kg6 79.Rh8 bxa3+ 80.Kxa3 Kg7  1/2-1/2

[Event "3rd Geller mem Open A"]
[Site "Odessa UKR"]
[Date "2007.09.08"]
[Round "1"]
[White "Shteinberg,B"]
[Black "Solodovnichenko,Y"]
[Result "0-1"]
[WhiteElo "2289"]
[BlackElo "2582"]

1.e4 c5 2.Nf3 d6 3.Bb5+ Nd7 4.c3 Nf6 5.Qe2 a6 6.Ba4 e5 7.d3 Be7 8.Nbd2 b5
9.Bc2 Bb7 10.Nf1 O-O 11.Ng3 Re8 12.Bg5 Nxe4 13.Nxe4 Bxe4 14.Qxe4 Bxg5 15.h4 Nf6
16.Qf5 Bh6 17.Ng5 d5 18.g4 g6 19.Qf3 e4 20.dxe4 Bxg5 21.hxg5 Nxe4 22.Bxe4 Qxg5
23.Qh3 Rxe4+ 24.Kf1 h6 25.f3 Qf4 26.Kg1 Re2  0-1

[Event "CXG Int"]
[Site "Rio de Janeiro BRA"]
[Date "2007.09.08"]
[Round "3"]
[White "Chauca,J"]
[Black "Maia,Marc"]
[Result "0-1"]
[WhiteElo "2133"]
[BlackElo "2140"]

1.e4 c5 2.Nf3 d6 3.Bb5+ Bd7 4.a4 a6 5.Bc4 e6 6.O-O Nc6 7.Re1 Be7 8.c3 Rc8
9.d4 cxd4 10.cxd4 Qc7 11.Na3 Na5 12.Ba2 Nf6 13.b4 Nc6 14.Bd2 O-O 15.Rc1 Qd8
16.d5 exd5 17.exd5 Nb8 18.Rxc8 Bxc8 19.h3 Re8 20.Nd4 g6 21.a5 Nbd7 22.f4 Bf8
23.Ne6 fxe6 24.dxe6 Kg7 25.Bc3 d5 26.g4 Nc5 27.g5 Be7 28.bxc5 Bxc5+ 29.Bd4 Qxa5
30.gxf6+ Kh6 31.Bxc5 Qxc5+ 32.Kg2 Bxe6 33.Nc2 Qc3 34.Re3 Qxf6 35.Qd4 Qf5
36.Bb3 Rc8 37.Ne1 Rc1 38.Bd1 Rc4 39.Qe5 Re4 40.Qxf5 gxf5 41.Kf3 Kg6 42.Bc2 Rxe3+
43.Kxe3 Kf6 44.Kd4 b6 45.Bb3 Bd7 46.Kxd5 Be6+ 47.Kc6 Bxb3 48.Kxb6 Bc4 49.Nf3 h6
50.Ne5 Be2 51.h4 Ke6 52.Kc5 a5 53.Nc6 Kf6 54.Nxa5 Kg6 55.Nc6 Kh5 56.Kd4 Kxh4
57.Ne7 Kg4 58.Ke3 Bc4 59.Ng6 Kg3 60.Ne5 Bd5 61.Ng6 h5  0-1

[Event "Masters"]
[Site "Trieste ITA"]
[Date "2007.09.08"]
[Round "9"]
[White "Hendriks,W"]
[Black "Borisek,J"]
[Result "1/2-1/2"]
[WhiteElo "2420"]
[BlackElo "2506"]

1.e4 c5 2.Nf3 d6 3.Bb5+ Nd7 4.d4 Nf6 5.O-O a6 6.Bxd7+ Nxd7 7.Nc3 e6 8.Bg5 f6
9.Bh4 Be7 10.Bg3 b5 11.dxc5 dxc5 12.a4 b4 13.Nb1 a5 14.c4 Bb7 15.Nbd2 O-O
16.Qe2 Qb6 17.b3 Rf7 18.Rad1 Nf8 19.Rfe1 g5 20.Qe3 Ng6 21.h4 g4 22.h5 gxf3
23.hxg6 hxg6 24.Nxf3 e5 25.Qh6 Rg7 26.Rd7 Qc6 27.Qd2 Bc8 28.Qd5+ Qxd5 29.Rxd5 Bb7
30.Nd2 Bxd5 31.cxd5 c4 32.Nxc4 Bc5 33.Kf1 Rh7 34.Ke2 Rh5 35.Rc1 Bd4 36.Nd6 f5
37.Nb5 Bc3 38.exf5 gxf5 39.Nxc3 f4 40.Ne4 Kf8 41.Bxf4  1/2-1/2

[Event "4th LGA Premium Cup"]
[Site "Nuernberg GER"]
[Date "2007.09.09"]
[Round "6"]
[White "Maier,Al"]
[Black "Nabavi,P"]
[Result "1-0"]
[WhiteElo "2315"]
[BlackElo "2103"]

1.e4 c5 2.Nf3 d6 3.Bb5+ Bd7 4.Bxd7+ Qxd7 5.O-O Nc6 6.Qe2 Nf6 7.Rd1 e6 8.d4 cxd4
9.Nxd4 Nxd4 10.Rxd4 Qc6 11.Rc4 Qd7 12.Nc3 Be7 13.Nb5 Bd8 14.Rd4 Qc6 15.Nxd6+ Ke7
16.Bf4 Ba5 17.b4 Qc3 18.Rad1 Bb6 19.Rc4 Qb2 20.Nf5+ exf5 21.Bd6+ Ke6 22.exf5+ Kxf5
23.Qd3+ Kg5 24.Qg3+ Kf5 25.Rf4+ Ke6 26.Qh3+  1-0

[Event "3rd Geller mem Open A"]
[Site "Odessa UKR"]
[Date "2007.09.10"]
[Round "3"]
[White "Shteinberg,B"]
[Black "Romaniv,M"]
[Result "1-0"]
[WhiteElo "2289"]
[BlackElo "2053"]

1.e4 c5 2.Nf3 d6 3.Bb5+ Nd7 4.c3 Nf6 5.Qe2 a6 6.Ba4 b5 7.Bc2 e5 8.d3 Bb7
9.Nbd2 Be7 10.Nf1 O-O 11.Ng3 Re8 12.O-O Rc8 13.h3 Nf8 14.Nf5 Ne6 15.Nxe7+ Qxe7
16.g3 Qd7 17.Kh2 h6 18.Be3 Nh7 19.Rad1 Neg5 20.Ng1 Rc7 21.f4 exf4 22.gxf4 Ne6
23.Rf3 Kh8 24.Rg3 f5 25.Qd2 Qc6 26.Nf3 Nf6 27.exf5 Nf8 28.Nh4 Nh5 29.Rgg1 Rce7
30.Rde1 Nf6 31.Bd1 Qd7 32.Bf2 c4 33.Rxe7 Rxe7 34.Bd4 Rf7 35.Bxf6 Rxf6 36.dxc4 bxc4
37.Qd4 Qc7 38.Be2 d5 39.Bf3 Qe7 40.Qe5 Qf7 41.Rd1 Kh7 42.Bxd5 Qh5 43.Qe1 Bc8
44.Bxc4 Kh8 45.Rd8 Bxf5 46.Qe7 Qxh4 47.Rxf8+ Kh7 48.Bg8+ Kg6 49.Qe8+  1-0

[Event "USCL 2007"]
[Site "ICC INT"]
[Date "2007.09.12"]
[Round "3"]
[White "Milat,M"]
[Black "Wheeler,Je"]
[Result "1-0"]
[WhiteElo "2304"]
[BlackElo "2155"]

1.e4 c5 2.Nf3 d6 3.Bb5+ Bd7 4.Bxd7+ Qxd7 5.c4 g6 6.O-O Bg7 7.d4 cxd4 8.Nxd4 Nf6
9.f3 O-O 10.Be3 Rc8 11.b3 a6 12.Nc3 b5 13.Nd5 Qb7 14.a4 e5 15.Ne2 Nxd5 16.Qxd5 Qxd5
17.cxd5 bxa4 18.Rxa4 Nd7 19.Rfa1 Rc2 20.Kf2 Nb8 21.b4 Rb2 22.Rc1 Nd7 23.Rc7 Nf6
24.Rb7 Rc8 25.Rxa6 Rcc2 26.Ra8+ Bf8 27.Bh6 Rxe2+ 28.Kf1  1-0

[Event "3rd Geller mem Open A"]
[Site "Odessa UKR"]
[Date "2007.09.12"]
[Round "5"]
[White "Shteinberg,B"]
[Black "Daryev,S"]
[Result "0-1"]
[WhiteElo "2289"]
[BlackElo "2039"]

1.e4 c5 2.Nf3 d6 3.Bb5+ Nd7 4.c3 Nf6 5.Qe2 a6 6.Ba4 e5 7.d3 b5 8.Bc2 Be7
9.Nbd2 Bb7 10.Nf1 O-O 11.Ng3 Re8 12.Nf5 Bf8 13.O-O d5 14.Bg5 h6 15.Bd2 c4
16.dxc4 dxe4 17.Ne1 Qb6 18.Ng3 Qc6 19.cxb5 axb5 20.b3 Nc5 21.f3 exf3 22.Nxf3 Rad8
23.a4 bxa4 24.bxa4 Ba6 25.c4 e4 26.Nh4 Qe6 27.Rf5 Bxc4 28.Qe3 Nd5 29.Qe1 Be7
30.Rh5 e3 31.Bc3 Nf4 32.Re5 Qc6 33.Qxe3 Nce6 34.Qf3 Qb6+ 35.Kh1 Bxh4 36.Qe4 Bd3
37.Bxd3 Nxd3 38.Rf5 Nf2+ 39.Rxf2 Qxf2 40.Qxh4 Nf4  0-1

[Event "CXG Int"]
[Site "Rio de Janeiro BRA"]
[Date "2007.09.12"]
[Round "8"]
[White "Kubrusly,J"]
[Black "Maia,Marc"]
[Result "1/2-1/2"]
[WhiteElo "2247"]
[BlackElo "2140"]

1.e4 c5 2.Nf3 d6 3.Bb5+ Bd7 4.Bxd7+ Qxd7 5.O-O Nc6 6.c3 Nf6 7.d4 Nxe4 8.d5 Ne5
9.Re1 Nxf3+ 10.Qxf3 Nf6 11.Nd2 e5 12.dxe6 fxe6 13.Qh3 e5 14.Qg3 Be7 15.b4 cxb4
16.cxb4 O-O 17.Qb3+ Kh8 18.Nf3 e4 19.Ng5 d5 20.Bb2 Qf5 21.Nh3 Bd6 22.Rad1 Be5
23.Bxe5 Qxe5 24.f3 Rac8 25.fxe4 dxe4 26.Qe3 Ng4 27.Qg3 Qxg3 28.hxg3 e3 29.Rd4 Ne5
30.Rxe3  1/2-1/2

[Event "3rd Geller mem Open A"]
[Site "Odessa UKR"]
[Date "2007.09.14"]
[Round "7"]
[White "Shteinberg,B"]
[Black "Goroshkova,L"]
[Result "0-1"]
[WhiteElo "2289"]
[BlackElo "1984"]

1.e4 c5 2.Nf3 d6 3.Bb5+ Bd7 4.Bxd7+ Qxd7 5.d4 cxd4 6.Nxd4 Nf6 7.Nc3 a6 8.a4 e6
9.O-O Be7 10.f4 Qc7 11.Be3 O-O 12.Qf3 Nbd7 13.g4 Nb6 14.g5 Nfd7 15.Rad1 Nc4
16.Bc1 Rac8 17.Kh1 Rfe8 18.b3 Nce5 19.fxe5 Nxe5 20.Qf2 Qxc3 21.Bf4 Rf8 22.Bd2 Qc5
23.c3 d5 24.Qg3 dxe4 25.Be3 Nf3 26.Nxe6 Qxe3 27.Nxf8 Rxf8 28.Rde1 Qxg5 29.Re2 Qxg3
30.hxg3 Bf6 31.c4 Rd8 32.b4 h6 33.c5 Rd4 34.Rb1 Rc4 35.a5 Ne5 36.b5 Rxc5
37.Rxe4 axb5 38.Reb4 Nc6 39.Rxb5 Rxb5 40.Rxb5 Bd8 41.Rxb7 Bxa5 42.Rb5 Bd8
43.Rc5 Ne7 44.Kg2 Kh7 45.Rb5 Ng6 46.Rb7 Ne5 47.Rb8 Bf6 48.Ra8 Kg6 49.Rc8 Kg5
50.Ra8 Nc4 51.Re8 Nd6 52.Ra8 Nf5 53.Ra7 Be5 54.Rxf7 Bxg3 55.Rb7 h5 56.Kh3 h4
57.Rd7 Kf4 58.Rb7 g5 59.Rb4+ Kf3 60.Rg4 Bf4 61.Rxh4 Ne3 62.Rg4 Nd1 63.Rg3+ Ke4
64.Rxg5 Bxg5 65.Kg4 Bf4 66.Kh3 Kf3 67.Kh4 Ke4 68.Kh3 Ne3 69.Kh4 Nc4 70.Kh3 Kf3
71.Kh4 Ne5 72.Kh3 Be3 73.Kh2 Nd3 74.Kh1 Bf4 75.Kg1 Nf2 76.Kf1 Ne4 77.Kg1 Nd2
78.Kh1 Be3 79.Kh2 Nf1+ 80.Kh1 Ng3+ 81.Kh2 Bf2 82.Kh3 Bg1 83.Kh4 Ne4 84.Kh3 Ng5+
85.Kh4 Kf4 86.Kh5 Kf5 87.Kh4 Bh2 88.Kh5 Bg3 89.Kh6 Ne6 90.Kh5 Ng7+ 91.Kh6 Kf6
92.Kh7 Bf4 93.Kg8 Ne6 94.Kh8 Kf7 95.Kh7 Nf8+  0-1

[Event "17th ch-EU U18 Girls"]
[Site "Sibenik CRO"]
[Date "2007.09.14"]
[Round "1"]
[White "Brankov,Kri"]
[Black "Robles Garcia,C"]
[Result "1/2-1/2"]
[WhiteElo "1918"]
[BlackElo "2167"]

1.e4 c5 2.Nf3 d6 3.Bb5+ Nc6 4.c3 Qb6 5.Ba4 Bg4 6.h3 Bh5 7.d3 e6 8.Nbd2 Nf6
9.O-O Be7 10.Re1 O-O 11.Bxc6 Qxc6 12.Nf1 h6 13.Ng3 Bg6 14.c4 Nd7 15.b3 Bf6
16.Rb1 Rad8 17.Bb2 d5 18.Bxf6 Nxf6 19.Ne5 Qa6 20.Nxg6 fxg6 21.Qe2 Kh7 22.e5 Ng8
23.a4 Ne7 24.Qe3 Qa5 25.Qe2 Qc3 26.Qe3 b6 27.Rec1 Qb4 28.Qe1 Qa3 29.Qc3 Nc6
30.Ra1 Qb4 31.Qxb4 Nxb4 32.Rd1 Nc6 33.Re1 dxc4 34.dxc4 Rd2 35.Re2 Rxe2 36.Nxe2 Nxe5
37.Rd1 Nc6 38.Rd6 Na5 39.Nc1 e5 40.Rd7 Nc6 41.Rd6 Rf6 42.Rd7 g5 43.f3 Re6
44.Rd3 Nd4 45.Kf2 Kg6 46.Ne2 Nxe2 47.Kxe2 a5 48.Ke3 Kf6 49.Ke4 g6 50.Rd5 h5
51.g3 Re8 52.g4 Re6  1/2-1/2

[Event "17th ch-EU U18 Boys"]
[Site "Sibenik CRO"]
[Date "2007.09.14"]
[Round "1"]
[White "Ronchetti,N"]
[Black "Hansen,Al"]
[Result "1-0"]
[WhiteElo "2410"]
[BlackElo "2177"]

1.e4 c5 2.Nf3 d6 3.Bb5+ Bd7 4.Bxd7+ Qxd7 5.c4 g6 6.d4 cxd4 7.Nxd4 Nf6 8.Nc3 Bg7
9.O-O Nc6 10.Nde2 O-O 11.f3 a6 12.a4 Qc7 13.Kh1 Qb6 14.b3 Rfd8 15.Bg5 Qa5
16.Qd2 Rac8 17.Rab1 Ne5 18.Rfd1 Ned7 19.Qf4 Re8 20.Qh4 Qb4 21.Bd2 Qc5 22.Ng3 Ne5
23.Nf1 e6 24.Be3 Qb4 25.Bd4 Ned7 26.Qf2 e5 27.Na2 Qa3 28.Bc3 Qc5 29.Qd2 Bf8
30.Bb4 Qc6 31.Bxd6 b5 32.Bxf8 Nxf8 33.Nb4 Qb6 34.Nd5 Nxd5 35.cxd5 Rc5 36.Ne3 Qd6
37.Qd3 Rec8 38.axb5 axb5 39.Re1 Qb6 40.Ng4 Nd7 41.Qe3 b4 42.f4 exf4 43.Qxf4 Rf8
44.h3 h5 45.Ne3 Qf6 46.Qxf6 Nxf6 47.Nc4 Re8 48.d6 Rxe4 49.Rxe4 Nxe4 50.d7 Rd5
51.Nb6 Rd2 52.Ra1  1-0

[Event "3rd Geller mem Open A"]
[Site "Odessa UKR"]
[Date "2007.09.15"]
[Round "8"]
[White "Gorbunov,I RUS"]
[Black "Rymskyy,A"]
[Result "1-0"]
[WhiteElo "2242"]
[BlackElo "2098"]

1.e4 c5 2.Nf3 d6 3.Bb5+ Nd7 4.a4 Nf6 5.Nc3 e6 6.d4 cxd4 7.Nxd4 Be7 8.O-O O-O
9.f4 Qc7 10.Be2 a6 11.Bf3 Rb8 12.Kh1 Re8 13.Be3 Bf8 14.Qe1 e5 15.Nf5 d5 16.Qg3 Kh8
17.exd5 e4 18.Be2 Nb6 19.d6 Qc6 20.Ne7 Qxd6 21.Nxc8 Rbxc8 22.Rad1 Qb4 23.Bd4 Nbd5
24.Nxd5 Nxd5 25.c4 Nf6 26.b3 Rcd8 27.Qe3 Nd7 28.Bh5 Kg8 29.f5 Bc5 30.f6 Bxd4
31.Qxd4 g6 32.Bg4 Nf8 33.Qe3 Rxd1 34.Rxd1 Ne6 35.h3 Qc5 36.Qxe4 h5 37.Bf3 b5
38.axb5 axb5 39.Qc6 Rb8 40.Qxc5 Nxc5 41.Rd5 Nxb3 42.Rxb5 Rxb5 43.cxb5 Nc5
44.b6 Nd7 45.b7 Kh7 46.Bd5 Kg8 47.h4 Kf8 48.Kh2 Nb8 49.Kg3  1-0

[Event "TCh-FIN 2007-8"]
[Site "Finland FIN"]
[Date "2007.09.16"]
[Round "2"]
[White "Kivijarvi,J"]
[Black "Jouhki,Y"]
[Result "1/2-1/2"]
[WhiteElo "2238"]
[BlackElo "2286"]

1.e4 c5 2.Nf3 d6 3.Bb5+ Bd7 4.Bxd7+ Nxd7 5.c4 g6 6.Nc3 Bg7 7.O-O Ne5 8.Ne1 Nc6
9.d3 e6 10.Be3 Nge7 11.Qd2 O-O 12.Bh6 d5 13.Bxg7 Kxg7 14.cxd5 exd5 15.Qg5 f6
16.Qg3 Qd7 17.f4 Rad8 18.Nf3 Nb4 19.Rfd1 d4 20.Ne2 Nc2 21.Rac1 Ne3 22.Rd2 b6
23.f5 Kh8 24.fxg6 Nxg6 25.b4 Rc8  1/2-1/2

[Event "17th ch-EU U18 Boys"]
[Site "Sibenik CRO"]
[Date "2007.09.16"]
[Round "3"]
[White "Gaehler,M"]
[Black "Valkovic,K"]
[Result "1/2-1/2"]
[WhiteElo "2272"]
[BlackElo "1960"]

1.e4 c5 2.Nf3 d6 3.Bb5+ Bd7 4.Bxd7+ Nxd7 5.O-O Ngf6 6.Qe2 g6 7.b3 Bg7 8.Bb2 O-O
9.Nc3 a6 10.a4 e5 11.h3 Nh5  1/2-1/2

[Event "17th ch-EU U16 Girls"]
[Site "Sibenik CRO"]
[Date "2007.09.16"]
[Round "3"]
[White "Clopes Llahi,J"]
[Black "Mijatovic,And"]
[Result "1-0"]
[WhiteElo "2020"]
[BlackElo "1844"]

1.e4 c5 2.Nf3 d6 3.Bb5+ Bd7 4.Bxd7+ Nxd7 5.O-O Ngf6 6.Qe2 e6 7.b3 Be7 8.Bb2 O-O
9.c4 Re8 10.Nc3 Nb6 11.d4 cxd4 12.Nxd4 d5 13.e5 Nfd7 14.cxd5 exd5 15.Nf5 Bf6
16.f4 Be7 17.Qg4 Bf8 18.Nh6+  1-0